Medagliere Tiro ai Giochi Olimpici - Statistics

Statistiche generali
  • Questo quiz è stato fatto 16 volte
  • Il punteggio medio è 12 su 16
Statistiche sulle risposte
Medaglie complessive Medaglie d'Oro Medaglie d'Argento Medaglie di Bronzo Rappresentativa olimpica % Corretto
43 16 16 11 Italia
100%
67 26 16 25 Cina
92%
30 9 12 9 Francia
92%
31 7 13 11 Russia
92%
24 10 9 5 Germania
85%
116 57 31 28 Stati Uniti
85%
21 4 7 10 Finlandia
77%
32 13 8 11 Norvegia
77%
57 15 24 18 Svezia
77%
17 7 9 1 Corea del Sud
69%
47 13 15 19 Gran Bretagna
69%
49 27 15 17 Unione Sovietica
69%
23 7 6 10 Svizzera
54%
17 4 7 6 Bulgaria
46%
19 3 11 5 Danimarca
46%
17 7 3 7 Ungheria
46%
Nessun quiz corrispondente trovato
Distribuzione punteggi
Percentuale di utenti per punteggio
Percentile per numero di risposta
I tuoi punteggi nel tempo
Non hai fatto questo quiz